| 000 | 00448nam a2200169 a 4500 | ||
|---|---|---|---|
| 005 | 20140412111429.0 | ||
| 008 | 090226s19uu xx 00 eng d | ||
| 020 | _a0-590-12988-0 | ||
| 050 |
_aTR(PS E _bFa 1996 |
||
| 100 | _aKarlin, Nurit | ||
| 245 |
_aThe Fat Cat Sat on the Mat / _cNurit Karlin. |
||
| 260 |
_aU.S.A : _bScholastic, _c1996. |
||
| 300 | _a32p. | ||
| 440 | _aAn I can read book | ||
| 650 | _aStories in rhyme | ||
| 999 |
_c106327 _d106327 |
||